[Event "Dubrovnik Advent op"]
[Site "Dubrovnik"]
[Date "2023.12.03"]
[Round "6"]
[White "Pavkovic, Mario"]
[Black "Mimica, Matija"]
[Result "1-0"]
[WhiteElo "2108"]
[BlackElo "1802"]
[PlyCount "35"]
[EventDate "2023.12.01"]
[EventType "swiss"]
[EventRounds "6"]
[EventCountry "CRO"]
[SourceTitle "CB49_2023"]
[SourceDate "2023.12.06"]
[SourceVersion "1"]
[SourceVersionDate "2023.12.06"]
[SourceQuality "1"]

1. e4 c5 2. c3 Nf6 3. e5 Nd5 4. d4 cxd4 5. Nf3 Nc6 6. Bc4 Nb6 7. Bb3 d6 8. exd6 Qxd6 9. cxd4 Bf5 10. Nc3 a6 11. Qe2 Rd8 12. 0-0 Na5 13. Nb5 Qd7 14. Bxf7+ Kxf7 15. Ne5+ Ke8 16. Nxd7 Rxd7 17. Nc3 e6 18. g4 1-0

[Event "Hvar Arsenal blitz op 2nd"]
[Site "Hvar"]
[Date "2023.10.19"]
[Round "11"]
[White "Volic, Duje"]
[Black "Mimica, Matija"]
[Result "1/2-1/2"]
[WhiteElo "1510"]
[BlackElo "1806"]
[PlyCount "39"]
[EventDate "2023.10.19"]
[EventType "swiss (blitz)"]
[EventRounds "11"]
[EventCountry "CRO"]
[SourceTitle "Mega2024 Update 01"]
[Source "Chessbase"]
[SourceDate "2023.11.12"]
[SourceVersion "1"]
[SourceVersionDate "2023.11.12"]
[SourceQuality "1"]

1. h3 h6 2. h4 h5 3. a3 a6 4. a4 a5 5. Nh3 Nh6 6. Na3 Na6 7. e4 e5 8. Bc4 Bc5 9. Ke2 Ke7 10. c3 d6 11. d3 c6 12. Ng5 f6 13. Nf7 Ng4 14. f3 Nf2 15. Nxd8 Nxd1 16. Kxd1 Kxd8 17. Rh3 Rh6 18. g4 g5 19. Nb5 Nb4 20. Ke1 1/2-1/2

[Event "EU-ch U14 rapid"]
[Site "Terme Catez"]
[Date "2023.09.28"]
[Round "4"]
[White "Mimica, Matija"]
[Black "Kozlovic, Jernej"]
[Result "0-1"]
[WhiteElo "1586"]
[BlackElo "1975"]
[PlyCount "74"]
[EventDate "2023.09.28"]
[EventType "swiss (rapid)"]
[EventRounds "9"]
[EventCountry "SLO"]
[SourceTitle "EXT 2024"]
[Source "ChessBase"]
[SourceDate "2023.10.10"]
[SourceVersion "1"]
[SourceVersionDate "2023.10.10"]
[SourceQuality "1"]

1. e4 c6 2. d4 d5 3. f3 dxe4 4. fxe4 e5 5. Nf3 Bg4 6. Bc4 Nd7 7. 0-0 Ngf6 8. c3 Bd6 9. Nbd2 Qe7 10. Re1 0-0 11. Bb3 Bc7 12. Bc2 Rad8 13. Nf1 Nb6 14. Ne3 Bxf3 15. Qxf3 g6 16. Rd1 Rfe8 17. Ng4 Nxg4 18. Qxg4 exd4 19. cxd4 Qb4 20. Be3 Nc4 21. Bf2 Qxb2 22. Bb3 Na5 23. Rab1 Qa3 24. e5 Bb6 25. Kh1 Nxb3 26. axb3 Qb4 27. h4 Rxe5 28. Qf4 Red5 29. Rf1 Qd6 30. Qf3 Qd7 31. Rbd1 c5 32. Qf6 cxd4 33. Bg3 Rf5 34. Rxf5 Qxf5 35. Qe7 Qe6 36. Qxb7 d3 37. Bc7 Qd7 0-1

[Event "Solta op 6th"]
[Site "Grohote"]
[Date "2023.06.29"]
[Round "3"]
[White "Vucenovic, Damian"]
[Black "Mimica, Matija"]
[Result "1-0"]
[WhiteElo "2205"]
[BlackElo "1686"]
[PlyCount "59"]
[EventDate "2023.06.27"]
[EventType "swiss"]
[EventRounds "9"]
[EventCountry "CRO"]
[SourceTitle "EXT 2024"]
[Source "ChessBase"]
[SourceDate "2023.10.10"]
[SourceVersion "1"]
[SourceVersionDate "2023.10.10"]
[SourceQuality "1"]

1. e4 c5 2. Nf3 Nc6 3. Bb5 g6 4. c3 Bg7 5. d4 cxd4 6. cxd4 d6 7. 0-0 a6 8. Ba4 b5 9. Bb3 Nf6 10. e5 dxe5 11. dxe5 Qxd1 12. Rxd1 Ng4 13. Bd5 Bd7 14. Bf4 Rc8 15. Nc3 Ngxe5 16. Nxe5 Nxe5 17. Bb7 Rc4 18. Nd5 Be6 19. Bxa6 0-0 20. Nxe7+ Kh8 21. Be3 Rc2 22. Bxb5 Rxb2 23. a4 Ng4 24. Bc5 Ra8 25. Rac1 Bb3 26. Rd4 h5 27. h3 Nh6 28. Rb4 Ng8 29. Nc6 Nh6 30. Nd4 1-0

[Event "CRO-ch U13"]
[Site "Trogir"]
[Date "2023.06.25"]
[Round "8"]
[White "Dimac, Petar"]
[Black "Mimica, Matija"]
[Result "0-1"]
[WhiteElo "1219"]
[BlackElo "1684"]
[PlyCount "92"]
[EventDate "2023.06.21"]
[EventType "swiss"]
[EventRounds "9"]
[EventCountry "CRO"]
[SourceTitle "EXT 2024"]
[Source "ChessBase"]
[SourceDate "2023.10.10"]
[SourceVersion "1"]
[SourceVersionDate "2023.10.10"]
[SourceQuality "1"]

1. e4 c5 2. c3 Nf6 3. e5 Nd5 4. Nf3 d6 5. Bc4 Nb6 6. Bb3 Nc6 7. exd6 Qxd6 8. 0-0 Bf5 9. d4 cxd4 10. cxd4 e6 11. Nc3 Be7 12. d5 exd5 13. Nxd5 Nxd5 14. Qxd5 Qxd5 15. Bxd5 0-0 16. Bg5 Bxg5 17. Nxg5 Rad8 18. Bxc6 bxc6 19. Rfd1 h6 20. Nf3 Be4 21. Ne5 Bd5 22. Ng4 Bxa2 23. Rxd8 Rxd8 24. Ne3 Be6 25. Rxa7 Rb8 26. Rc7 Bd5 27. Nxd5 cxd5 28. Rc2 Kf8 29. Rd2 Rd8 30. f3 Ke7 31. Kf2 Kd6 32. Ke3 g5 33. g3 Rb8 34. f4 Rb3+ 35. Kf2 g4 36. Kg2 Kc5 37. Kf2 d4 38. Ke2 Kd5 39. Kf2 f5 40. Ke2 Ke4 41. Ke1 d3 42. Kf2 h5 43. Kf1 Ke3 44. Ke1 Rb8 45. Rf2 Ra8 46. Rd2 Ra1+ 0-1

[Event "CRO-ch U13"]
[Site "Trogir"]
[Date "2023.06.22"]
[Round "3"]
[White "Horvat, Ivan"]
[Black "Mimica, Matija"]
[Result "1-0"]
[WhiteElo "1352"]
[BlackElo "1684"]
[PlyCount "91"]
[EventDate "2023.06.21"]
[EventType "swiss"]
[EventRounds "9"]
[EventCountry "CRO"]
[SourceTitle "EXT 2024"]
[Source "ChessBase"]
[SourceDate "2023.10.10"]
[SourceVersion "1"]
[SourceVersionDate "2023.10.10"]
[SourceQuality "1"]

1. e4 c5 2. Nf3 d6 3. d4 cxd4 4. Nxd4 Nf6 5. Nc3 g6 6. f3 Bg7 7. Be3 0-0 8. Qd2 Nc6 9. 0-0-0 Nxd4 10. Bxd4 Be6 11. Kb1 Qc7 12. g4 Rfc8 13. Nb5 Qd7 14. h4 a6 15. Nc3 b5 16. h5 b4 17. Nd5 Bxd5 18. exd5 Rc7 19. hxg6 hxg6 20. Bh3 Qb5 21. g5 Nh5 22. Bxg7 Kxg7 23. Bg4 Rac8 24. Bxc8 Rxc8 25. f4 Qd7 26. Qxb4 Qf5 27. Rd2 Rc5 28. Qd4+ Kg8 29. b3 Qxf4 30. Qxf4 Nxf4 31. c4 f6 32. Rdh2 fxg5 33. Rh8+ Kf7 34. R1h7+ Kf6 35. Rf8+ Ke5 36. Rxe7+ Kd4 37. Rd7 Ke3 38. Rxd6 g4 39. Rxf4 Kxf4 40. Rxg6 g3 41. d6 Rc6 42. d7 Rxg6 43. d8Q g2 44. Qd4+ Kf5 45. Qg1 Kf4 46. c5 1-0